Nghiên cứu tác động của chế độ thanh trùng và thời gian bảo quản lên hợp chất bay hơi nước ép sim Phú Quốc : Luận văn tốt nghiệp Cao học. Chuyên ngành Công nghệ thực phẩm

Đề tài xác định thời gian và nhiệt độ cân bằng của mẫu ở các chế độ khác nhau, xác định ảnh hưởng của các chế độ thanh trùng đến các hợp chất bay hơi của nước ép sim Phú Quốc và thời gian bảo quản đến các hợp chất bay hơi của nươ...

Szczegółowa specyfikacja

Zapisane w:
Opis bibliograficzny
1. autor: Lê, Tấn Bảo
Format: Książka
Język:Undetermined
Wydane: Cần Thơ Trường Đại học Cần Thơ 2016
Hasła przedmiotowe:
Etykiety: Dodaj etykietę
Nie ma etykietki, Dołącz pierwszą etykiete!
Thư viện lưu trữ: Trung tâm Học liệu Trường Đại học Cần Thơ
LEADER 01294nam a2200205Ia 4500
001 CTU_214031
008 210402s9999 xx 000 0 und d
082 |a 663.6 
082 |b B108 
100 |a Lê, Tấn Bảo 
245 0 |a Nghiên cứu tác động của chế độ thanh trùng và thời gian bảo quản lên hợp chất bay hơi nước ép sim Phú Quốc : 
245 0 |b Luận văn tốt nghiệp Cao học. Chuyên ngành Công nghệ thực phẩm 
245 0 |c Lê Tấn Bảo ; Lý Nguyễn Bình (Cán bộ hướng dẫn) 
260 |a Cần Thơ 
260 |b Trường Đại học Cần Thơ 
260 |c 2016 
520 |a Đề tài xác định thời gian và nhiệt độ cân bằng của mẫu ở các chế độ khác nhau, xác định ảnh hưởng của các chế độ thanh trùng đến các hợp chất bay hơi của nước ép sim Phú Quốc và thời gian bảo quản đến các hợp chất bay hơi của nước chanh dây được thanh trùng 
650 |a Công nghệ đồ uống,Beverage industry 
904 |i Nguyên 
980 |a Trung tâm Học liệu Trường Đại học Cần Thơ